| 000 | 00643nam a2200217 a 4500 | ||
|---|---|---|---|
| 001 | 000549350 | ||
| 003 | AM-YeHGA | ||
| 005 | 20250617135954.0 | ||
| 008 | 820322s1980 quca b 000 0 fre d | ||
| 020 | _a2760605027 | ||
| 040 | _aAM-YeHGA | ||
| 041 | 0 | _afre | |
| 100 | 1 | _aSonea, Sorin. | |
| 245 | 1 | 0 |
_aIntroduction a la nouvelle bacteriologie / _cSorin Sonea, Maurice Panisset. |
| 260 |
_aMontreal : _bLes Presses de l'Universite de Montreal ; _aParis : _bMasson, _c1980. |
||
| 300 |
_a127 p. : _bill. ; _c22 cm. |
||
| 504 | _aIncludes bibliogr. references | ||
| 650 | 0 | _aBacteriology | |
| 700 | 1 | _aPanisset, Maurice | |
| 090 | _c212268 | ||
| 999 |
_c210759 _d210759 |
||